| 000 | 00412nam a2200145 i 4500 | ||
|---|---|---|---|
| 001 | bg | ||
| 245 | 0 |
_aĆwiczenia laboratoryjne z miernictwa elektrycznego : _bpraca zbiorowa / _cpod red. Józefa Lichnowskiego. |
|
| 260 |
_aKielce, _c1975. |
||
| 700 | 1 |
_aLichnowski, Józef. _eRed. |
|
| 040 | _cBPK | ||
| 041 | _apol | ||
| 080 | _a621.317(075.8)(076) | ||
| 942 | _cKS | ||
| 008 | s pl f |000 0 pol | ||
| 999 |
_c16973 _d16973 |
||
| 856 |
_uhttp://koha.tu.koszalin.pl/cgi-bin/koha/opac-detail.pl?biblionumber=16973 _yKatalog online BPK |
||